00645nam a2200205Ia 4500003000900000008004100009020001600050040001600066080001900082100002900101245004000130260004000170300001300210490003800223650001700261650001900278942000700297999001500304952012000319IN-BaIIA211028s9999 xx 000 0 eng d a7167-0985-6 cIIA Library a535.215.2bSCH aSchawlow, Arthur L97551 0aLaser and LightcArthur L. Schawlow aSan Francisco,bW. H. Freemanc1969 avi,374p. aReadings from Scientific American aLasers93580 aNASA Thesaurus cBK c4293d4293 00104070aBANbBANcGENd1973-09-10g64.80l0o535.215.2/ SCHp4792r2021-11-05v64.80w1973-09-10yBKGRs. 64.80